| 000 | 00412 a2200133 4500 | ||
|---|---|---|---|
| 040 |
_aDLC _bDLC |
||
| 082 | _a297.122521 | ||
| 100 | _aMoududi, S. Abul-ul-Allah | ||
| 245 |
_aItems for Tafheem-ul-Quran (Vol IV) _cMoududi, S. Abul-ul-Allah _h[Urdu] |
||
| 260 |
_a Lahore: _bIdara Tarjaman-ul-Quran, _c2004. |
||
| 300 |
_a708 p. ; _c26 cm. |
||
| 650 | _aQuran (Surahs) -- Commentaries | ||
| 942 |
_cBK _k297.122521 MOD _2ddc |
||
| 999 |
_c7322 _d7322 |
||